Bharatbarshar swadhinata andolanar parichay/ (Record no. 11912)

MARC details
000 -LEADER
fixed length control field 00524nam a22001937a 4500
005 - DATE AND TIME OF LATEST TRANSACTION
control field 20240830085515.0
008 - FIXED-LENGTH DATA ELEMENTS--GENERAL INFORMATION
fixed length control field 240830b |||||||| |||| 00| 0 eng d
020 ## - INTERNATIONAL STANDARD BOOK NUMBER
International Standard Book Number 9788119679898
040 ## - CATALOGING SOURCE
Original cataloging agency IN-DiNC
Transcribing agency IN-DiNC
041 ## - LANGUAGE CODE
Language code of sung or spoken text Assamese
082 ## - DEWEY DECIMAL CLASSIFICATION NUMBER
Classification number 954.03
Item number GOS
100 ## - MAIN ENTRY--PERSONAL NAME
Personal name Goswami, Pankaj
Relator term Author
245 ## - TITLE STATEMENT
Title Bharatbarshar swadhinata andolanar parichay/
Statement of responsibility, etc. by Pankaj Goswami
250 ## - EDITION STATEMENT
Edition statement 1st ed.
260 ## - PUBLICATION, DISTRIBUTION, ETC.
Place of publication, distribution, etc. Jorhat:
Name of publisher, distributor, etc. Bidya bhawan,
Date of publication, distribution, etc. 2024.
300 ## - PHYSICAL DESCRIPTION
Extent 200p.
650 ## - SUBJECT ADDED ENTRY--TOPICAL TERM
Topical term or geographic name entry element Indian freedom struggle
942 ## - ADDED ENTRY ELEMENTS (KOHA)
Source of classification or shelving scheme Dewey Decimal Classification
Koha item type Books
Holdings
Withdrawn status Lost status Source of classification or shelving scheme Damaged status Not for loan Collection code Home library Current library Shelving location Date acquired Cost, normal purchase price Total Checkouts Full call number Barcode Date last seen Date last checked out Copy number Price effective from Koha item type
    Dewey Decimal Classification     History Central Library, Naharkatiya College Central Library, Naharkatiya College General Stacks 30/08/2024 220.00 5 954.03 GOS 30315 06/11/2025 09/10/2025 1 30/08/2024 Books
    Dewey Decimal Classification     History Central Library, Naharkatiya College Central Library, Naharkatiya College General Stacks 30/08/2024 220.00 8 954.03 GOS 30316 29/11/2025 11/10/2025 2 30/08/2024 Books

Naharkatiya College © 2020. All rights reserved.

Powered By